Los abonos verdes: clave para el éxito de la producción orgánica.

محفوظ في:
التفاصيل البيبلوغرافية
مؤلفون مشاركون: Fundación para la Innovación Agraria (مؤلف), Institución de Investigaciones para la Agricultura Orgánica, Agrupación de Agricultura Orgánica de Chile
التنسيق: كتاب
اللغة:الإسبانية
منشور في: Santiago, Chile FIA, FIBL, AAOCH 2004
الموضوعات:
الوسوم: إضافة وسم
لا توجد وسوم, كن أول من يضع وسما على هذه التسجيلة!

MARC

LEADER 00000nam a2200000 a 4500
001 UCI8169
003 CL-VaPUC
005 20241017105112.0
008 080807e20040000CL |||||||||||||||||spa|d
999 |c 331191  |d 331189 
040 |c Pontificia Universidad Católica de Valparaíso 
082 0 4 |a 631.584 FUN 2004  |2 21 
110 2 |a Fundación para la Innovación Agraria  |e author  |9 531641 
245 1 4 |a Los abonos verdes: clave para el éxito de la producción orgánica. 
260 0 3 |a Santiago, Chile  |b FIA, FIBL, AAOCH  |c 2004 
300 |a 7 páginas. 
583 |a last modification  |c 20121001 12:17:41  |k Rodrigo Vera 
650 7 |a PRODUCCION ORGANICA  |2 CL-VaPUC  |9 418832 
650 0 |a Abonos  |9 259682 
650 0 |a Agricultura orgánica   |9 418833 
650 0 |a Control de malezas  |9 259684 
650 0 |a Hortalizas  |9 259501 
650 7 |a MENEJO DEL SUELO  |2 CL-VaPUC  |9 531644 
710 2 |a Institución de Investigaciones para la Agricultura Orgánica  |9 531642 
710 2 |a Agrupación de Agricultura Orgánica de Chile  |9 531643 
942 |c BK  |2 ddc 
945 |d 20080807 00:00:00  |a jtorresc 
952 |0 0  |1 1  |2 ddc  |4 0  |6 631_584000000000000_FUN_2004  |7 0  |8 A  |9 417414  |a BIBAGR  |b BIBAGR  |d 2019-11-22  |i 4471636  |o 631.584 FUN 2004  |p 4471636  |r 2019-11-22  |t 1  |w 2019-11-22  |y BK  |k AGR